World mission: (Record no. 10179)

000 -LEADER
fixed length control field 00595nam a2200193 a 4500
001 - CONTROL NUMBER
control field :::00007964$&:&@@
003 - CONTROL NUMBER IDENTIFIER
control field OkBaRHE
005 - DATE AND TIME OF LATEST TRANSACTION
control field 20000607103340.0
008 - FIXED-LENGTH DATA ELEMENTS--GENERAL INFORMATION
fixed length control field s1976 j 000 0 eng u
040 ## - CATALOGING SOURCE
Transcribing agency
100 1# - MAIN ENTRY--PERSONAL NAME
Personal name Lum, Ada.
245 10 - TITLE STATEMENT
Title World mission:
Remainder of title 12 studies on the biblical basis.
260 ## - PUBLICATION, DISTRIBUTION, ETC. (IMPRINT)
Place of publication, distribution, etc Downers Grove, IL., :
Name of publisher, distributor, etc InterVarsity Press
Date of publication, distribution, etc c1976
300 ## - PHYSICAL DESCRIPTION
Extent 72 p. ;
Dimensions 21 cm.
650 ## - SUBJECT ADDED ENTRY--TOPICAL TERM
Topical term or geographic name as entry element Missions
General subdivision Biblical Teaching
700 ## - ADDED ENTRY--PERSONAL NAME
Personal name Lum, Ginny.
942 ## - ADDED ENTRY ELEMENTS (KOHA)
Source of classification or shelving scheme
Koha item type Books
Copies
Not for loan Price effective from Shelving location Full call number Lost status Permanent Location Date last seen Barcode Copy number Date acquired Koha item type Withdrawn status Damaged status Source of classification or shelving scheme
 2010-04-14General StacksBV 2073 .L83 RHEMA Bible Training College2010-04-14796412010-04-14Books